000 00766mam a2200217 a 4500
020 _a0024049603
020 _a0029468507 (pbk) :
082 0 0 _a620.1064
_bSAB
_cL-22,P-31
100 1 _aSabersky, Rolf H.
_940707
245 1 0 _aFluid flow :
_ba first course in fluid mechanics /
_cRolf H. Sabersky, Allan J. Acosta, Edward G. Hauptmann.
250 _a3rd ed.
260 _aNew York :
_bMacmillan ;
_aLondon :
_bCollier Macmillan,
_cc1989.
300 _axii, 537 p. :
_bill. ;
_c27 cm.
526 _a0
_b0
_c0
_d620_106400000000000_SAB
526 _a0
_b0
_c0
_d620_106400000000000_SAB
526 _a0
_b0
_c0
_d620_106400000000000_SAB
650 0 _aFluid dynamics.
_91384
700 1 _aAcosta, Allan J.,
_940708
700 1 _aHauptmann, Edward G.
_940709
942 _2ddc
_cBK
999 _c544966
_d544966